00614 a2200193 450000100060000002000180000604000220002410000160004624000360006224500310009830000080012936200090013744000120014665000230015894200070018195201130018895201020030199900170040357992 a9788508153282 cAnchieta - Pituba aTerlow, Jan10aSete desafios para ser reilpor10aSete desafios para ser rei a1670 a2012 1aÁtica 4aLiteratura juvenil cBK 00104070a91.1b91.1d2023-11-21l0oLJ 028.5 T318s TER SETp8280/PITr2023-11-21 18:25:43w2023-11-21yBK 00104070a12.29b12.29d2024-03-27l0o028.5 T297sp2A1023r2024-03-27 22:40:25w2024-03-27yBK c57992d57992